000 01023nam a22003137a 4500
003 CHAP
005 20220329135011.0
008 971013s1978 r 00010 d
010 _a29326
011 _a30298
035 _a34410
040 _cCHAP
090 _aTesis
100 0 0 _aContreras Martínez, María Elena.
_927511
245 _aExtracción
_b: evaluación y conservación de semen de ganado caprino
260 _aMonterrey, N.L. :
_bEl autor,
_c1978
300 _a57 h.
502 _aTesis (Ing. Agr. Zootecnista) -- Univ. Autónoma de Nuevo León. Fac. de Agronomía
590 _aALEPH
_b10
_c20130110
_lUCH01
_h1251
590 _aBATCH-UPD
_b10
_c20130110
_lUCH01
_h2118
590 _aBATCH-UPD
_b10
_c20130410
_lUCH01
_h1428
590 _aBATCH-UPD
_b10
_c20130914
_lUCH01
_h2017
590 _aCONVERSION
_b10
_c20130109
_lUCH01
_h1317
650 1 4 _aSemen
_xGanado cabrío.
_9103861
650 1 4 _aSemen
_xPreservación.
_9103866
901 _aBK
942 _cTESIS
949 _bBC
_cTES
_d-79675
_eTS1
_i34410
_si
999 _c29326
_d29326